000 00767nam a2200289Ia 4500
001 10059
005 20240113235202.0
007 ta
008 050730s1930 a g b000 u eng u
020 _cHB
040 _aCotton College Assam
041 _aeng
082 _a370
_bF 493 F
100 _aFindlay, J.J. .
245 0 _aThe Foundations of Education Vol. II /
_cJ.J. Findlay.
_hTextual Documents
250 _a1st ed. /
260 _aLondon :
_bUnivercity of London Press ,
_c1930.
300 _axii, 382p. :
_bill. ;
_c24cm .
362 _aVol. II-
504 _aIndex
653 _aEducation-Foundations
653 _aFoundations of Education
653 _aMS-Education
942 _2ddc
_cBK
999 _c10046
_d10046